000 00508nam a2200169 i 4500
001 35185
003 ES-MaACL
005 20230906155055.0
007 t|
008 030212s1933 fr ||||1| fre d
100 1 _aBotkine, Gleb.
_930789
245 1 0 _aGrandeur et misére des romanot /
_cGleb Botkine ; traduit de l'anglais par Anne d'Aurier.
260 _aParis :
_b[E. Grevin],
_c1933 (
_fImp. de Lagny)
300 _a305 p. ;
_c19 cm.
700 1 _aAurier, Anne d'.
_923933
852 _aES-MaACL
_jB-12868
999 _c35185
_d35185